000 00529nam a2200181Ia 4500
008 090124s9999 xx 000 0 und d
082 _b16350
100 _aमोकाशी दि.बा.
245 _a लामणदिवा
250 _a1
260 _bमौज प्रकाशन गृह
_c1963
300 _a160
600 _aमोकाशी दि.बा.
630 _a लामणदिवा
700 _aमोकाशी दि.बा.
730 _a लामणदिवा
942 _cBOOK
999 _c88670
_d88670